| 000 | 00538nam a2200133Ia 4500 | ||
|---|---|---|---|
| 008 | 160809s9999 xx 000 0 und d | ||
| 100 | _aGarrison, Dorothy F. | ||
| 245 | _aLISTENING TO THEIR VOICES: FACTORS THAT INHIBIT OR ENHANCE POSTSECONDARY OUTCOMES FOR STUDENTS´ WITH DISABILITIES | ||
| 245 | _cDorothy F. Garrison-Wade University of Colorado Denver. | ||
| 260 | _bInternational Journal of Special Education | ||
| 260 | _c2012 | ||
| 650 | _xSPECIAL EDUCATION | ||
| 856 | _uhttp://www.internationaljournalofspecialed.com/issues.php | ||
| 999 |
_c300396 _d300396 |
||